Curriculo oficial para el area de ciencias sociales, geografia e historia de la E.S.O. prescriptivo para todo el estado español
Gespeichert in:
MARC
| LEADER | 00000cam a2200000 c 4500 | ||
|---|---|---|---|
| 001 | 897688708 | ||
| 003 | DE-627 | ||
| 005 | 20251129214454.0 | ||
| 007 | cr uuu---uuuuu | ||
| 008 | 170913s1991 sp |||||o 00| ||spa c | ||
| 024 | 7 | |a 11163/4386 |2 hdl | |
| 035 | |a (DE-627)897688708 | ||
| 035 | |a (DE-599)GBV897688708 | ||
| 035 | |a (OCoLC)1003490574 | ||
| 040 | |a DE-627 |b ger |c DE-627 |e rda | ||
| 041 | |a spa | ||
| 044 | |c XA-ES | ||
| 084 | |a 30 |2 ssgn | ||
| 084 | |a f2013:0532 |2 isced | ||
| 084 | |a f2013:0222 |2 isced | ||
| 084 | |a f2013:0312 |2 isced | ||
| 084 | |a f2013:0314 |2 isced | ||
| 084 | |a p2011:2 |2 isced | ||
| 084 | |a p2011:3 |2 isced | ||
| 245 | 0 | 0 | |a Curriculo oficial para el area de ciencias sociales, geografia e historia de la E.S.O. prescriptivo para todo el estado español |c [MEC] |
| 256 | |a PDF Format, 300 dpi, 24bit Farbe; Digitalisierungsvorlage: Primärausgabe | ||
| 264 | 1 | |a [Madrid?] |b [Ministerio de Educación y Ciencia] |c 1991 | |
| 300 | |a 1 Online-Ressource (Seiten 542-547) | ||
| 336 | |a Text |b txt |2 rdacontent | ||
| 337 | |a Computermedien |b c |2 rdamedia | ||
| 338 | |a Online-Ressource |b cr |2 rdacarrier | ||
| 500 | |a Real Decreto 1007/1991, de 14 de junio (BOE de 26 de junio), S. 542-547 | ||
| 533 | |a Online-Ausgabe |b Braunschweig |c Georg-Eckert-Institut - Leibniz-Institut für internationale Schulbuchforschung |d 2017 |e 1 Online-Ressource (PDF-Datei: 7 Seiten) |7 |2017|||||||||| | ||
| 535 | 1 | |a GEI Braunschweig |3 E Z-25(1,91) | |
| 540 | |q DE-Bs78 |a Nutzungsrecht: Braunschweig : Georg-Eckert-Institut - Leibniz-Institut für internationale Schulbuchforschung | ||
| 655 | 7 | |a Lehrplan |0 (DE-588)4035117-8 |0 (DE-627)106249312 |0 (DE-576)209010835 |2 gnd-content | |
| 689 | 0 | 0 | |D g |0 (DE-588)4055964-6 |0 (DE-627)104616806 |0 (DE-576)209116080 |a Spanien |2 gnd |
| 689 | 0 | 1 | |D s |0 (DE-588)4055852-6 |0 (DE-627)106156632 |0 (DE-576)209115645 |a Sozialkundeunterricht |2 gnd |
| 689 | 0 | 2 | |D s |0 (DE-588)4076231-2 |0 (DE-627)106083392 |0 (DE-576)209201266 |a Politischer Unterricht |2 gnd |
| 689 | 0 | 3 | |D s |0 (DE-588)4020219-7 |0 (DE-627)106318853 |0 (DE-576)208932437 |a Geografieunterricht |2 gnd |
| 689 | 0 | 4 | |D s |0 (DE-588)4020533-2 |0 (DE-627)106317695 |0 (DE-576)208933778 |a Geschichtsunterricht |2 gnd |
| 689 | 0 | 5 | |D s |0 (DE-588)4054365-1 |0 (DE-627)106162993 |0 (DE-576)209108401 |a Sekundarstufe 1 |2 gnd |
| 689 | 0 | 6 | |D s |0 (DE-588)4054367-5 |0 (DE-627)106162985 |0 (DE-576)20910841X |a Sekundarstufe 2 |2 gnd |
| 689 | 0 | |5 (DE-627) | |
| 710 | 2 | |a Spanien |b Ministerio de Educación y Ciencia |e Herausgebendes Organ |0 (DE-588)1021087-8 |0 (DE-627)103454810 |0 (DE-576)191255556 |4 isb | |
| 776 | 0 | 8 | |i Elektronische Reproduktion von |t Curriculo oficial para el area de ciencias sociales, geografia e historia de la E.S.O. prescriptivo para todo el estado español |d [Madrid?] : [Ministerio de Educación y Ciencia], 1991 |w (DE-627)565097350 |n GEI Braunschweig -- E Z-25(1,91) |
| 856 | 4 | 0 | |u https://edumedia-depot.gei.de/handle/11163/4386 |x Resolving-System |z kostenfrei |3 Volltext |7 0 |
| 856 | 4 | 0 | |u https://edumedia-depot.gei.de/bitstream/handle/11163/4386/897688708_1991_A.pdf?sequence=2 |q application/pdf |x Archivierung |z kostenfrei |3 Volltext |7 0 |
| 912 | |a GBV_ILN_216 | ||
| 912 | |a ISIL_DE-Bs78 | ||
| 912 | |a SYSFLAG_1 | ||
| 912 | |a GBV_KXP | ||
| 951 | |a BO | ||
| 980 | |2 216 |1 01 |x 3708 |b 1711779857 |h cw171 |y zsb |z 13-09-17 | ||
| 981 | |2 216 |1 01 |x 3708 |y Öffnen/Open |r https://edumedia-depot.gei.de/bitstream/handle/11163/4386/897688708_1991_A.pdf?sequence=2 |z LF |3 Volltext | ||
| 983 | |2 216 |1 00 |x DE-Bs78 |8 00 |a l011 | ||
| 983 | |2 216 |1 00 |x DE-Bs78 |8 00 |a u080 | ||
| 983 | |2 216 |1 00 |x DE-Bs78 |8 00 |a z506 | ||
| 983 | |2 216 |1 00 |x DE-Bs78 |8 00 |a dlc | ||
| 995 | |2 216 |1 01 |x 3708 |a cw171 | ||
| 995 | |2 216 |1 01 |x 3708 |a cls | ||